| 000 | 01231nam a2200205Ia 4500 | ||
|---|---|---|---|
| 999 |
_c37834 _d37834 |
||
| 001 | 3812 | ||
| 003 | GE_BSU | ||
| 005 | 20190816151354.0 | ||
| 008 | 181216s1987||||ge |||||||||||||| ||geo|| | ||
| 040 | _cGE_BSU | ||
| 041 | _ageo | ||
| 080 | _a1+502 ფ–56 | ||
| 245 |
_aფილოსოფია და ბუნებისმეტყველება : _bსტატიების კრებული / _cრედ.: ს. ავალიანი ; საქ. სსრ მეცნ. აკად. მეცნ. და ტექნ. ფილოს. და სოც. საკითხების კომპლ. პრობლემის შემსწ. სამეცნ. საბჭო. |
||
| 300 |
_a181 გვ. ; _b21 სმ. |
||
| 653 | _aბუნებისმეტყველება | ||
| 653 | _aფილოსოფია | ||
| 700 |
_aავალიანი, ს. _eრედაქტორი _93652 |
||
| 710 |
_aსაქ. სსრ მეცნ. აკად. მეცნ. და ტექნ. ფილოს. და სოც. საკითხების კომპლ. პრობლემის შემსწ. სამეცნ. საბჭო. _93653 |
||
| 942 |
_cBK _2udc |
||